000 00500nam a2200217Ia 4500
003 0100
008 130307s9999 xx 000 0 und d
040 _cARRUPELIB
050 _aBX2200.P74 1999
100 _aPower, David Noel
245 _aSacrament
245 _bthe language of God's giving
260 _aNew York :
260 _bCrossroad
260 _cc1999.
300 _ax
300 _b338 p. 23 cm.
650 _bWomen and religion
650 _cGoddesses - Cult
942 0 0 _01
999 _c97935
_d97935